[Event "Reykjavik op"]
[Site "Reykjavik"]
[Date "2023.03.31"]
[Round "4"]
[White "Goh, Jinghan Cameron"]
[Black "O'Gorman, Tom"]
[Result "1-0"]
[WhiteElo "1899"]
[BlackElo "2357"]
[PlyCount "53"]
[EventDate "2023.03.29"]
[EventType "swiss"]
[EventRounds "9"]
[EventCountry "ISL"]
[SourceTitle "CBM 213 Extra"]
[Source "ChessBase"]
[SourceDate "2023.05.31"]
[SourceVersion "1"]
[SourceVersionDate "2023.05.31"]
[SourceQuality "1"]

1. d4 Nf6 2. Nc3 d5 3. Bf4 a6 4. Nf3 e6 5. e3 c5 6. Bd3 Nc6 7. 0-0 c4 8. Be2 b5 9. Ne5 Bb7 10. Bh5 Nxe5 11. Bxe5 Bb4 12. Qf3 Nxh5 13. Qxh5 0-0 14. Qg4 g6 15. a4 f5 16. Qf4 Qd7 17. h4 Be7 18. axb5 axb5 19. Qh6 Rf7 20. Rxa8+ Bxa8 21. Ra1 Bc6 22. Ne2 Bf8 23. Qf4 h6 24. Qg3 Rg7 25. Bxg7 Kxg7 26. Nf4 Qf7 27. Nxg6 1-0

[Event "Penang op-A 9th"]
[Site "Penang"]
[Date "2017.12.05"]
[Round "3"]
[White "Goh, Jinghan Cameron"]
[Black "Loh, Shao Kai Dylan"]
[Result "1/2-1/2"]
[WhiteElo "1878"]
[BlackElo "1668"]
[PlyCount "118"]
[EventDate "2017.12.04"]
[EventType "swiss"]
[EventRounds "9"]
[EventCountry "MAS"]
[SourceTitle "CBM 182 Extra"]
[Source "ChessBase"]
[SourceDate "2018.02.23"]
[SourceVersion "1"]
[SourceVersionDate "2018.02.23"]
[SourceQuality "1"]

1. e4 c5 2. Ne2 Nc6 3. Nbc3 g6 4. g3 Bg7 5. Bg2 d6 6. 0-0 Nf6 7. h3 0-0 8. f4 Rb8 9. d3 Bd7 10. g4 b5 11. Ng3 b4 12. Nce2 e6 13. Be3 Ne8 14. e5 Qb6 15. Ne4 Nd4 16. c3 Nxe2+ 17. Qxe2 Bc6 18. exd6 Bxe4 19. dxe4 Nxd6 20. e5 Nb7 21. cxb4 Qxb4 22. a3 Qb6 23. b4 Rfc8 24. Bxb7 Qxb7 25. Bxc5 a5 26. Bd6 Ra8 27. Qf3 Qxf3 28. Rxf3 axb4 29. Bxb4 Rc4 30. Bd6 Bf8 31. Bxf8 Kxf8 32. Kf2 Raa4 33. Kg3 Ke7 34. Rd1 Rd4 35. Rb1 Rd5 36. Rb7+ Kf8 37. Rc3 g5 38. fxg5 Rxe5 39. Kh4 Kg7 40. Rf3 Rf5 41. Rc3 Rfa5 42. Rc8 Ra8 43. Rxa8 Rxa8 44. Rb3 Ra4 45. Rf3 Kg6 46. Re3 Ra5 47. Rf3 Ra4 48. Rb3 Ra5 49. Rb8 Kg7 50. Rb3 Kg6 51. Rf3 Rxg5 52. Rxf7 Ra5 53. Rf3 h5 54. gxh5+ Rxh5+ 55. Kg3 Ra5 56. Kf2 Ra4 57. Ke2 e5 58. Kd2 e4 59. Rb3 Kg5 1/2-1/2

[Event "Penang op 4th"]
[Site "Penang"]
[Date "2012.12.13"]
[Round "6"]
[White "Lee, Jun Wei"]
[Black "Goh, Jinghan Cameron"]
[Result "1/2-1/2"]
[WhiteElo "1661"]
[BlackElo "1794"]
[PlyCount "50"]
[EventDate "2012.12.11"]
[EventType "swiss"]
[EventRounds "9"]
[EventCountry "MAS"]
[SourceTitle "EXT 2014"]
[Source "ChessBase"]
[SourceDate "2013.11.20"]
[SourceVersion "1"]
[SourceVersionDate "2013.11.20"]
[SourceQuality "1"]

1. e4 c5 2. d4 cxd4 3. c3 d3 4. c4 d6 5. Nc3 Nc6 6. Bxd3 g6 7. h3 Nf6 8. Nf3 Bg7 9. 0-0 0-0 10. Be3 Be6 11. Qd2 Qa5 12. a3 Rfc8 13. b4 Qd8 14. Rac1 Nd7 15. Nd5 Nce5 16. Nxe5 Nxe5 17. Be2 Bxd5 18. cxd5 Nd7 19. f4 a6 20. a4 Nf6 21. Bf3 Nd7 22. a5 h5 23. g3 Rxc1 24. Rxc1 Rc8 25. Rc2 Kf8 1/2-1/2